000 00365nam a2200133Ia 4500
005 20250729165808.0
008 250729s2017 xx 000 0 und d
041 _akan
082 _a494.50 AJAA
100 _aAjapura Karnataka Sangha
_9233173
245 _aAjapurada Agraganyaru
260 _aBramhavara
_bAjapura Karnataka Sangha
_c2017
650 _aKannada
_9233174
999 _c240149
_d240149